| 000 | 00545nam a2200181Ia 4500 | ||
|---|---|---|---|
| 003 | SISC | ||
| 005 | 20190620144157.0 | ||
| 008 | 140910s9999 xx 000 0 und d | ||
| 020 | _a0078228662 | ||
| 050 |
_aQA 107 _b.G563c1 2004 |
||
| 245 |
_aMathematics: _bapplications and concepts course 1/ |
||
| 250 | _bTeacher wraperound ed. | ||
| 260 |
_aUnited States : _bGlencoe McGraw-Hill, _cc2004. |
||
| 300 |
_a681 pages : _bcolored illustrations ; _c28 cm. |
||
| 650 | _aConnections. | ||
| 650 |
_aMathematics _xApplications. |
||
| 942 |
_cBK _2lcc |
||
| 999 |
_c282558 _d282558 |
||